| 000 | 01447cam a22003734i 4500 | ||
|---|---|---|---|
| 003 | PE-LiUPU | ||
| 005 | 20250731184052.0 | ||
| 008 | 161007s r 000 0 spa d | ||
| 035 | _a(Sirsi) a164045 | ||
| 040 |
_aPE-LiUPU _bspa _cPE-LiUPU _erda |
||
| 041 | 1 |
_aspa _hfre |
|
| 049 | _aPRUA | ||
| 082 | 0 | 4 |
_a808.8 _bY76 _220 |
| 100 | 1 |
_aYourcenar, Marguerite, _eautor. |
|
| 245 | 1 | 0 |
_aMemorias de Adriano / _cMarguerite Yourcenar. |
| 264 |
_aEspaña : _bPlaneta de Agostini, _c2003. |
||
| 300 |
_a273 páginas ; _c21 centímetros |
||
| 336 |
_atext _2rdacontent |
||
| 337 |
_aunmediated _2rdamedia |
||
| 338 |
_avolume _2rdacarrier |
||
| 505 | 0 | _aAnimula vagula blandula -- Varius multiplex multiformis -- Tellus stabilita -- Disciplina augusta -- Patientia. | |
| 526 | _aP145 | ||
| 526 | _aP127 | ||
| 526 | _aP97 | ||
| 526 | _aP14 | ||
| 526 | _aP07 | ||
| 910 |
_ajck _bncf _cncf _d20161007 |
||
| 942 |
_2ddc _cBOOK |
||
| 949 |
_a808.8 Y76 _wDEWEY _c1 _i75091 _lCCODEBUL1 _mBUL _p12.00 _r0 _sY _tBOOK _u2016-10-07 _xEDUCACION _PP20 _0DONACION _o.STAFF. Colección Ciencias Humanas y Educación |
||
| 994 |
_aC0 _bPEPRU |
||
| 596 | _a1 | ||
| 999 |
_a808.8 Y76 _wDEWEY _c12901 _i75091 _f2021-11-9 _g4 _lCCODEBUL1 _mBUL _p12.00 _r0 _sY _tBOOK _u2016-10-7 _xEDUCACION _PP20 _0DONACION _o.STAFF. Colección Ciencias Humanas y Educación _d12901 |
||
| 980 |
_81 _gALBERTO SANCHEZ Responsable de Automatización |
||